10 najhorúcejších spotrebiteľských trendov na rok 2012
Spotrebiteľské trendy tohto roka vyplývajúce zo skúmania spotrebiteľov spoločnosti Ericsson.
Guardado en:
| Formato: | Capítulo de libro |
|---|---|
| Lenguaje: | eslovaco |
| Materias: | |
| Etiquetas: |
Sin Etiquetas, Sea el primero en etiquetar este registro!
|
MARC
| LEADER | 00000naa a2200000 4500 | ||
|---|---|---|---|
| 001 | 0155079 | ||
| 005 | 20231010141307.1 | ||
| 041 | 0 | |a slo | |
| 044 | |a SK | ||
| 245 | 1 | 0 | |a 10 najhorúcejších spotrebiteľských trendov na rok 2012 |
| 520 | |a Spotrebiteľské trendy tohto roka vyplývajúce zo skúmania spotrebiteľov spoločnosti Ericsson. | ||
| 610 | 2 | 0 | |a správanie spotrebiteľa |
| 610 | 2 | 0 | |a spotrebitelia |